Statistics for Eight Moon Phases in 15 Seconds

Click here to take the quiz!

General Stats

  • This quiz has been taken 138 times
  • The average score is 2 of 8

Answer Stats

Moon Phase% Correct
Full Moon
83%
New Moon
64%
Waxing Crescent
22%
Waning Crescent
19%
Waxing Gibbous
19%
Waning Gibbous
15%
First Quarter
14%
Third Quarter
6%

Score Distribution

Percentile by Number Answered

Percent of People with Each Score

Your Score History

You have not taken this quiz